000 01503nam0a2200349 4500
001 RU\NLR\bibl\162328
005 20250618054027.0
021 _aRU
_b2000-42245
_91951
035 _a(NLR Aleph) 000159230
090 _a915559
_c915559
100 _a20001227d2000 |||y0rusy50 ca
101 0 _arus
102 _aRU
105 _aa |||||||||
200 1 _aПроблемы дирижерской техники
_eУчеб.-метод. пособие к курсу "Дирижирование"
_fЛ. М. Донских
_gМ-во образования Рос. Федерации, Тамб. гос. ун-т им. Г. Р. Державина
210 _aТамбов
_cИзд-во Тамб. гос. ун-та
_d2000
215 _a39 с.
_d20
_cил.
320 _aБиблиогр.: с. 38
606 0 _aДирижерская техника
_jРуководства, пособия и т.п. для высшей школы
_91659967
_3RU\NLR\auth\66735427
606 0 _aДирижерская техника
_jУчебные издания для высшей школы
_91659967
_3RU\NLR\auth\66735427
610 0 _aДирижирование
675 _a78(075.8)
_v3
_zrus
686 _a18.41
_2rugasnti
686 _a85.31я73
_2rubbk
686 _aЩ310.715.1-7я73
700 1 _aДонских
_gЛеонид Михайлович
_4070
801 0 _aRU
_bRKP
_c20001227
_gPSBO
801 1 _aRU
_bRKP
_c20001227
801 2 _aRU
_bNLR
_c20010628
_grcr
942 _cBOOK
980 _aNB